The 60 years' work of the Christmas Seal Committee ; The Christmas seal 1904-1963 (Record no. 2829)

000 -LEADER
fixed length control field 00526nam a22000977a 4500
008 - FIXED-LENGTH DATA ELEMENTS--GENERAL INFORMATION
fixed length control field 181001b ||||| |||| 00| 0 eng d
100 ## - MAIN ENTRY--AUTHOR'S NAME
Author's Name Moller, Mads
245 ## - TITLE STATEMENT
Title The 60 years' work of the Christmas Seal Committee ; The Christmas seal 1904-1963
260 ## - PUBLICATION, DISTRIBUTION, ETC. (IMPRINT)
Place of publication, distribution, etc. Copenhagen
Name of publisher, distributor, etc. Christmas Seal Committee
Date of publication, distribution, etc. 1963
650 ## - TOPICAL TERM (Tag)
Topical term or geographic name Denmark | Christmas Seals | 1904-1963 | Catalogs and Price Lists Julemaerkekomiteen (Denmark). | Seals and Labels | Cinderella Material | Designs | Production -- Sheets and Panes | Artists and Designers | 20th Century
Holdings
Withdrawn status Lost status Source of classification or shelving scheme Damaged status Koha normalized classification for sorting Not for loan Collection code Permanent Location Current Location Shelving location Date acquired Total Checkouts Full call number Barcode Date last seen Copy number Price effective from
        G6921 C555 J94     Northern Philatelic Library Northern Philatelic Library General Stacks 10/01/2018   G6921 C555 J94 1005222 10/01/2018 1 10/01/2018

Powered by Koha